Система комплексного анализа и синтеза управляющих систем организаций; Известия Томского политехнического института [Известия ТПИ]; Т. 299 : Организация и управление

Xehetasun bibliografikoak
Parent link:Известия Томского политехнического института [Известия ТПИ]/ Томский политехнический институт (ТПИ).— , 1944-1976
Т. 299 : Организация и управление.— 1976.— [С. 35-40]
Egile nagusia: Тырышкин М. А.
Gaia:Заглавие с титульного листа
Электронная версия печатной публикации
Hizkuntza:errusiera
Argitaratua: 1976
Gaiak:
Sarrera elektronikoa:Черно-белая версия для предварительного просмотра
Цветная версия без потери качества
Formatua: MixedMaterials Baliabide elektronikoa Liburu kapitulua
KOHA link:https://koha.lib.tpu.ru/cgi-bin/koha/opac-detail.pl?biblionumber=240581

MARC

LEADER 00000nla2a2200000 4500
001 240581
005 20231031205723.0
035 |a (RuTPU)RU\TPU\book\261838 
035 |a RU\TPU\book\261837 
090 |a 240581 
100 |a 20130622d1976 k y0rusy50 ca 
101 0 |a rus 
102 |a RU 
135 |a drnn ---uucaa 
181 0 |a i  
182 0 |a b 
200 1 |a Система комплексного анализа и синтеза управляющих систем организаций  |b Электронный ресурс  |f М. А. Тырышкин 
203 |a Текст  |c электронный 
215 |a 2 файла (417 Кб, 11.6 Мб) 
230 |a Электронные текстовые данные (2 файла : 417 Кб, 11.6 Мб) 
300 |a Заглавие с титульного листа 
300 |a Электронная версия печатной публикации 
320 |a [Библиогр.: с. 39-40 (10 назв)] 
337 |a Adobe Reader 
461 1 |0 (RuTPU)RU\TPU\book\200995  |t Известия Томского политехнического института [Известия ТПИ]  |f Томский политехнический институт (ТПИ)  |d 1944-1976 
463 1 |0 (RuTPU)RU\TPU\book\261830  |t Т. 299 : Организация и управление  |v [С. 35-40]  |d 1976  |p 68 с. 
610 1 |a электронный ресурс 
610 1 |a труды учёных ТПУ 
700 1 |a Тырышкин  |b М. А. 
801 1 |a RU  |b 63413507  |c 20090320  |g PSBO 
801 2 |a RU  |b 63413507  |c 20130626  |g PSBO 
856 4 |u http://www.lib.tpu.ru/fulltext/v/Bulletin_TPU/1976/v299/08_bw.pdf  |z Черно-белая версия для предварительного просмотра 
856 4 |u http://www.lib.tpu.ru/fulltext/v/Bulletin_TPU/1976/v299/08_full.pdf  |z Цветная версия без потери качества 
942 |c CF